Statistics for Miami Heat 2018-19 Roster

Click here to take the quiz!

General Stats

  • This quiz has been taken 141 times
  • The average score is 11 of 17

Answer Stats

NbrPostPlayer% Correct
7PGGoran Dragic
92%
13CBam Adebayo
89%
3SGDwyane Wade
83%
21CHassan Whiteside
83%
-Head CoachErik Spoelstra
76%
20SFJustise Winslow
75%
40PFUdonis Haslem
74%
0SFJosh Richardson
72%
55SFDuncan Robinson
68%
16PFJames Johnson
66%
8SGTyler Johnson
65%
11SGDion Waiters
60%
9PFKelly Olynyk
58%
5SFDerrick Jones
55%
2SFWayne Ellington
42%
17SGRodney McGruder
37%
00PFYante Maten
23%

Score Distribution

Percentile by Number Answered

Percent of People with Each Score

Your Score History

You have not taken this quiz